| 000 | 00935nam a22002657a 4500 | ||
|---|---|---|---|
| 003 | BD-DhSAU | ||
| 005 | 20181206134049.0 | ||
| 008 | 161006b2016 bg ad||| |||| 00| 0 eng d | ||
| 040 | _aBD-DhSAU | ||
| 082 |
_222 _a630 _bIs41 |
||
| 100 |
_a Islam,Rafiqul _4Registration No:10-04034 |
||
| 245 |
_aEffect of Nitrogen and Sulphur on yield and yield components of Rapeseed / _c Islam,Rafiqul _bMs Thesis |
||
| 260 |
_aDhaka : Sher- e- Bangla Agricultural University : _bDepartment of Agronomy , _c2016 |
||
| 300 |
_aix, 75 p. : _bill. ; _c30 cm. |
||
| 504 | _aIncludes bibliographical references. | ||
| 590 | _aShofi | ||
| 650 | _aAgronomy | ||
| 650 | _a Nitrogen | ||
| 650 | _aSulphur | ||
| 650 | _a Rapeseed | ||
| 700 |
_aHossain, H. M. M. Tariq _4Supervisor |
||
| 700 |
_aKarim, Md. Fazlul _4Co-Supervisor |
||
| 856 |
_uhttp://archive.saulibrary.edu.bd:8080/xmlui/handle/123456789/574 _yOnline Access |
||
| 942 |
_2ddc _cTHESIS |
||
| 999 |
_c14043 _d14042 |
||